Reforming agricultural trade for developing countries / (Record no. 14703)

000 -LEADER
fixed length control field 00747cam a2200241 a 4500
020 ## - INTERNATIONAL STANDARD BOOK NUMBER
ISBN 0821364960 (pbk. : v. 1)
020 ## - INTERNATIONAL STANDARD BOOK NUMBER
ISBN 9780821364963 (pbk. : v. 1)
020 ## - INTERNATIONAL STANDARD BOOK NUMBER
ISBN 0821367161 (pbk. : v. 2)
020 ## - INTERNATIONAL STANDARD BOOK NUMBER
ISBN 9780821367162 (pbk. : v. 2)
020 ## - INTERNATIONAL STANDARD BOOK NUMBER
ISBN 0821364979
020 ## - INTERNATIONAL STANDARD BOOK NUMBER
ISBN 9780821364970
040 ## - CATALOGING SOURCE
Transcribing agency DLC
082 00 - DEWEY DECIMAL CLASSIFICATION NUMBER
Classification number 382 WOR 2007 A070 Or.
245 00 - TITLE STATEMENT
Title Reforming agricultural trade for developing countries /
260 ## - PUBLICATION, DISTRIBUTION, ETC. (IMPRINT)
Place of publication Washington, DC :
Name of publisher World Bank,
Year of publication c2007.
300 ## - PHYSICAL DESCRIPTION
Number of Pages v. < -2> :
Other physical details ill. ;
Dimensions 23 cm.
490 1# - SERIES STATEMENT
Series statement Agriculture and rural development
650 #0 - SUBJECT ADDED ENTRY--TOPICAL TERM
Topical Term Agriculture and state
700 1# - ADDED ENTRY--PERSONAL NAME
Personal name McCalla, Alex F.,
700 1# - ADDED ENTRY--PERSONAL NAME
Personal name Nash, John,
856 41 - ELECTRONIC LOCATION AND ACCESS
Uniform Resource Identifier http://www.loc.gov/catdir/toc/fy0716/2006049111.html
942 ## - ADDED ENTRY ELEMENTS (KOHA)
Koha item type សៀវភៅភាសាអង់គ្លេស
952 ## - LOCATION AND ITEM INFORMATION (KOHA)
Withdrawn status [LOCAL, KOHA] 0
Holdings
Permanent Location Date acquired Koha item type Lost status Shelving location Barcode Current Location Full call number
Library Block A2017-10-24សៀវភៅភាសាអង់គ្លេស A070A06523Library Block A382 WOR 2007 A070 Or.
មជ្ឈមណ្ឌលឯការនៃសាកលវិទ្យាល័យភូមិន្ទកសិកម្មចំការដូង

Powered by Koha